000 00435nam a22001097a 4500
082 _a891.433/RAG/N
100 _aराघव, रांगेय
_937128
245 _aयशोधरा जीत गई गौतम बुृद्ध के जीवन पर आधारित उपन्‍यास
260 _aदिल्‍ली
_bडायमंड बुक्‍स
650 _aउपन्‍यास
942 _cHIN
999 _c68397
_d68397